000 00632nam a2200145 a 4500
008 130307s2012 ||||||||||||||||| || u
050 _aTHESIS/MBA
100 _aShitimali, Bruce Kalebwe
245 1 2 _aA study of the development of bancassurance in Zambia
_cby Bruce Kalebwe Shitimali
260 _aKitwe:
_bCopperbelt University, School of Business, Department of Postgraduate studies
_c2012
300 _aix, 85p.: ill.
500 _aBibliography
650 _aBANCASSURANCE--DEVELOPMENT--ZAMBIA
995 _FCBU-MAIN LIBRARY (Kitwe)
_M1
_UAVAILABLE
_WMar 7, 2013
_ZUniversity Collection
999 _c58886
_d58886